000 00488nam a2200181Ia 4500
003 GCL
008 140319s9999 xx 000 0 eng d
040 _aGCL /
_cGCL
082 0 4 _a650
_bA P
100 1 _aARGENTI, PAUL A.
245 1 0 _aThe Portable Mba Desk Reference /
_cARGENTI, PAUL A.
260 _a[S.N] :
_bJOHN WILEY AND SONS. INC ،
_c1994
300 _a688
650 0 4 _aتقوية الذاكرة
650 0 4 _aBUSINESS
650 0 4 _aBUSINESS INFORMATION
942 _2ddc
_cBK
999 _c16509
_d16509